00402nam a2200157Ia 450000500170000000800460001703700120006304000200007504100130009508400210010810000250012924500200015426000480017430000100022236500120023220250508162456.0008 250505s9999 xx 000 0 hin d aTextual aFEDLbengcFEDL ahin2eng a294.5, VERqFEDL aVerma Ramchandra Ed. 0aSri Padma puran aDelhi, IndiabDharam Granth Prakashanc1980 a192p. aINRb60